Taylor Swift Album Based on Lyric. - Statistics

General Stats
  • This quiz has been taken 184 times
  • The average score is 21 of 32
Answer Stats
Hint Answer % Correct
''No one wanted to play with me as a little kid'' Midnights
95%
''Heartbreak is the national anthem'' 1989
93%
"They're burning all the witches, even if you aren't one" Reputation
89%
''When you are young, they assume you know nothing'' Folklore
87%
"The family gathers 'round and reads it and then someone screams out" Midnights
83%
"When the flowers that we'd grown together died of thirst" 1989
79%
" 'Cause forgiveness is a nice thing to do" Reputation
79%
"No amount of vintage dresses gives you dignity" Speak now
78%
"I'll tell you truth, but never, Goodbye" Lover
77%
"ratatatatatatyatya" Reputation
73%
"I don't like that falling feels like flying 'til the bone crush" Evermore
71%
"No rules in breakable heaven" Lover
70%
''Can't remember what song it was playing whеn we walked in'' Red
70%
"My mother accused me of losing my mind" Speak now
70%
"And it took you five whole minutes" Folklore
66%
"The more that you say The less I know" Evermore
65%
"Put you in jail for something you didn't do" Lover
64%
"New to town with a made-up name" Red
64%
"He's gonna burn this house to the ground" Evermore
62%
"You pull my chair out and help me in" Red
60%
"You squeeze my hand three times in the back of the taxi" Reputation
60%
"You chase down the newest thing and take for granted what you have" Red
59%
"Something keeps me holding on to nothing" Speak now
58%
"Every time you smile, I smile" Fearless
57%
''Had gone all wrong and been trampled on" Taylor Swift
54%
"Holdin' all this love out here in the hall" Folklore
52%
"Lived in the shade you were throwin' 'Til all of my sunshine was gone" Lover
52%
"Spring breaks loose, but so does fear" Evermore
50%
"And we know it's never simple, Never easy" Fearless
48%
"When you aim at the devil make sure you don't miss" Midnights
48%
"No one sees when you lose when you're playing solitaire" Midnights
48%
"I don't know what I want, so don't ask me" Taylor Swift
40%
No matching quizzes found
Score Distribution
Percent of People with Each Score
Percentile by Number Answered
Your Score History
You have not taken this quiz